| 000 | 00657nam a2200229 a 4500 | ||
|---|---|---|---|
| 001 | 26696 | ||
| 003 | CO-ViMGA | ||
| 008 | 141112s2004 ck r 000 u spa d | ||
| 020 | _a9789974679474 | ||
| 040 |
_aCO-ViMGA _bspa _cCO-ViMGA |
||
| 090 | _aLM BALf | ||
| 100 | 1 | _aBallesteros, Adriana | |
| 245 | 1 | 0 |
_aEl fantástico mundo de los magos / _cAdriana Ballesteros ; ilustraciones Walter Gomez |
| 250 | _a1ra. ed. | ||
| 260 |
_aUruguay : _bLatinbooks, _c2009 |
||
| 300 | _a56 p. ; il. ; 24 cm | ||
| 650 | 1 | 4 |
_aLiteratura infantil _92746 |
| 650 | 1 | 4 | _aMagos |
| 650 | 1 | 4 | _aMitologia fantastica |
| 700 | 1 |
_aGomez, Walter, il. _93818 |
|
| 942 |
_2ddc _cBK |
||
| 999 |
_c10044 _d10044 |
||